000 00224nam a2200085 4500
001 1239590
005 20251008094726.0
245 _aTANRININ KIRBACI ALTİLLA
_cWİLLIM DIETRICH -FARUK ÖZDEM YILDIRIM
260 _bPANAMA YAYINLARI
999 _c1239590
_d1239590